Normal view MARC view

Entry Nome pessoal

Number of records used in: 1

001 - NÚMERO DE CONTROLE

  • campo de controle: 771

003 - IDENTIFICADOR DO NÚMERO DE CONTROLE

  • campo de controle: Br

005 - DATA E HORÁRIO DA ÚLTIMA TRANSAÇÃO

  • campo de controle: 20250403084819.0

008 - CAMPO DE DADOS FIXOS

  • campo de controle de tamanho fixo: 101011|| acnnnaab| aaaa d

035 ## - NÚMERO DE CONTROLE DO SISTEMA

  • Número de Controle do Sistema: 101011810511399209

040 ## - FONTE DA CATALOGAÇÃO

  • Instituição da catalogação original: Br
  • Instituição que transcreveu o registro: Br

100 1# - CABEÇALHO--NOME PESSOAL

  • Nome pessoal: Fowles, John,
  • Datas associadas ao nome: 1926-2005.

670 ## - FONTE POSITIVA DOS DADOS

  • Citação da fonte positiva dos dados: Autor de: A mulher do tenente francês. [1983?]

670 ## - FONTE POSITIVA DOS DADOS

  • Citação da fonte positiva dos dados: LC microf., 77/81 set.
  • Dados encontrados na fonte localizada no subcampo: (AACR2 ; d.n.)

670 ## - FONTE POSITIVA DOS DADOS

  • Citação da fonte positiva dos dados: LC 1963/67
  • Dados encontrados na fonte localizada no subcampo: (d.n.)

670 ## - FONTE POSITIVA DOS DADOS

  • Citação da fonte positiva dos dados: http://www.fowlesbooks.com/
  • Dados encontrados na fonte localizada no subcampo: (D.)

856 ## - LOCALIZAÇÃO ELETRÔNICA E ACESSO

  • Uniform Resource Identifier: http://www.fowlesbooks.com/
  • Nota pública: Fowles, John.

Powered by Koha